000 00291nam a22001337a 4500
008 170921b xxu||||| |||| 00| 0 eng d
020 _a 000020027483
041 _aeng
080 _a78
100 _a45
101 _aMUZ
245 _aARIAS FOR SOPRANO
_cLARSEN,R.L
942 _2udc
_cBK
999 _c28781
_d28781